| 000 | 00370nam a2200157Ia 4500 | ||
|---|---|---|---|
| 100 | _aAICTE | ||
| 250 | _a2 | ||
| 942 | _cBK | ||
| 654 | _aOptimization | ||
| 245 | _aOptimization Tech in Prod Mgt C-N0 : 252 | ||
| 260 |
_bContinuing Education Programmer AICTE _aBangalore _c1992 |
||
| 082 |
_a658.4033 _bAICTE |
||
| 300 | _a173 | ||
| 546 | _aENGLISH | ||
| 999 |
_c28736 _d28736 |
||